Rock Architecture In India/ (Record no. 186040)

MARC details
000 -LEADER
fixed length control field 00507nam a22001817a 4500
005 - DATE AND TIME OF LATEST TRANSACTION
control field 20220214110644.0
010 ## - LCCN (DPL NO)
LC control number ENG-131560
020 ## - INTERNATIONAL STANDARD BOOK NUMBER
International Standard Book Number 9788193027726
Terms of availability 700.00
035 ## - SYSTEM CONTROL NUMBER
System control number EN-115092
037 ## - SOURCE OF ACQUISITION
Source of stock number/acquisition DBAD
082 ## - DEWEY DECIMAL CLASSIFICATION NUMBER
Classification number 726.10954
100 ## - MAIN ENTRY--PERSONAL NAME
Personal name Malhotra, Manoj
245 ## - TITLE STATEMENT
Title Rock Architecture In India/
Statement of responsibility, etc Manoj Malhotra
260 ## - PUBLICATION, DISTRIBUTION, ETC. (IMPRINT)
Place of publication, distribution, etc Allahabad
Name of publisher, distributor, etc Om Publication
Date of publication, distribution, etc 2017
270 ## - ADDRESS
Address 59, Pandariba
City Allahabad
Postal code 211003
300 ## - PHYSICAL DESCRIPTION
Extent 200p.
Dimensions 21cm(hbk)
942 ## - ADDED ENTRY ELEMENTS (KOHA)
Source of classification or shelving scheme Dewey Decimal Classification
Item type English Books
Classification part 726.10954
Call number suffix MAL
Holdings
Withdrawn status Lost status Not for loan Collection code Home library Current library Date acquired Source of acquisition Cost, normal purchase price Full call number Barcode Copy number Cost, replacement price Koha item type
      Non-fiction Bawana Bawana 14/02/2022 DBAD/PUB 700.00 726.10954 MAL EN-115092 1 700.00 English Books

© Delhi Public Library
Hit Counter
free hit counter